000 01298cam a2200313 a 4500
005 20140903175027.0
008 060824s1998 xxuao frn 001 0 eng d
020 _a0231084048
040 _aCO-BoUCM
_cJavier Garzón
_dDiana Londoño
_bspa
041 1 _aeng
_hfre
245 0 0 _aRealms of memory
_bthe construction of the french past
_cdirección de Pierre Nora ; edición de Lawrence D. Kritzman ; traducción Arthur Goldhammer
260 _aNew York (Estados Unidos)
_bColumbia University Press
_c1998
300 _a3 volúmenes
_bilustraciones y fotos
490 0 _aEuropean perspectives
504 _aIncluye referencias bibliográficas e índices
505 0 _gV. 1
_tConflicts and divisions
_gV. 2
_tTraditions
_gV. 3
_tSimbols
650 _aCaracterísticas nacionales
_97373
_xHistoria
_zFrancia
650 2 4 _aNacionalismo
_zFrancia
_956256
650 2 4 _aSimbolismo
_924414
651 4 _aFrancia
_xCaracterísticas nacionales
_956258
651 4 _aFrancia
_xCivilización
_956257
690 _942846
_aHistoria de Europa
700 1 _aGoldhammer, Arthur
_etraductor
_956261
700 1 _aKritzman, Lawrence D.
_eeditor
_956260
700 1 _aNora, Pierre
_edirector
_956259
765 0 _tLieux de mémoire
942 _a21
_cLIBRO
_e1
_mR288
_2DEWEY
_h944
999 _c184595
_d184595